Регионална библиотека "Любен Каравелов" - Русе

Събрани съчинения (Запис номер 136819)

MARC детайли
000 -Лидер
Контролно поле с фиксирана дължина 02672nam a2200409 c 4500
003 - Код на организацията, давaща контролен номер
Контролно поле BLK
005 - Дата и час на последна редакция
Контролно поле 20241212143457.0
008 - Елементи от данни с фиксирана дължина
fixed length control field 180409b bul|||||r ||||||| ||bul||
010 ## - Наследен системен номер
LC control number KNG00142776000
040 ## - Източник на каталожния запис
Идентификатор на билиотеката - собственик на записа BLK
041 ## - Код за език
Код за езика на текст/звукозапис или на отделно заглавие Български
Код за езика КДБФ Български
080 ## - УДК
Текстов определител УДК Българска литература
УДК код - определител по УДК 821.163.2
УДК определител (081.1)
УДК - код + определител 821.163.2(081.1)
080 ## - УДК
Текстов определител УДК Литература на отделни езици и езикови семейства
УДК код - определител по УДК 821
УДК определител -1
УДК - код + определител 821-1
080 ## - УДК
Текстов определител УДК Теория и техника на превода
УДК код - определител по УДК 82`25
УДК определител
УДК - код + определител 82`25
100 1# - Редна дума - Автор
Автор Разцветников, Асен
Дати, свързани с автора 1897 - 1951
Пълна форма на името Коларов, Асен Петков
Авторска отговорност първи автор
Автор - информация (биография) Коларов, Асен Петков
R(LIN) 114515
139 ## - Редно поле
Редна дума Разцветников, Асен
Авторски знак Разц - Р 26
245 10 - Сведения за заглавието
Заглавие Събрани съчинения
Подзаглавни данни В 4 т.
Редно поле (дума) Асен Разцветников; ред. кол. Камен Зидаров; под ред. на на том Петър Велчев; послесл. на том Петър Велчев; * Михаил Димитров Неделчев; * Николай Янков; * Асен Петков Коларов.
Том Т. 3
Заглавие на том Стихотворни преводи
257 ## - Страна на издаване
Страна на създаване/издаване България
260 ## - Област на издателските данни
-- София
Име на издателя, разпространителя и проч. Бълг. писател
Година на издаване 1981-
Печатница В. Търново : Д. Найденов
300 ## - Физическа характеристика
Размери/Мащаб 21 см
380 ## - Жанр
Жанр Худож. лит.
500 ## - Общи забележки
Забележка Други ред.: М. Неделчев, Н. Янков, П. Велчев. - Асен Разцветников е псевд. на Асен Петков Коларов. - 30 113 тир.
505 ## - Форматирана забележка
Подзаглавни данни
Авторската отговорност
Заглавие Статии за превода
700 ## - Други автори (авторска отговорност)
Лично име Зидаров, Камен
Друга информация Манев, Тодор Събев
Звания и думи, свързани с автора Писател, поет, драматург, дир. на Военния театър в София, автор на учебни помагала, прев. от руски език
Дати, свързани с автора 1902-1987
9 (RLIN) 373166
700 1# - Други автори (авторска отговорност)
Лично име Велчев, Петър
Автороска отговорност (Описва отношението между автора и произведението) под ред. на на том
Друга информация Генев, Петър Велчев
9 (RLIN) 369325
700 1# - Други автори (авторска отговорност)
Лично име Велчев, Петър
Автороска отговорност (Описва отношението между автора и произведението) послесл. на том
Друга информация Генев, Петър Велчев
9 (RLIN) 369325
700 1# - Други автори (авторска отговорност)
Лично име Неделчев, Михаил Димитров
Автороска отговорност (Описва отношението между автора и произведението) *
9 (RLIN) 365153
700 1# - Други автори (авторска отговорност)
Лично име Янков, Николай
Автороска отговорност (Описва отношението между автора и произведението) *
9 (RLIN) 364665
700 1# - Други автори (авторска отговорност)
Лично име Коларов, Асен Петков
Автороска отговорност (Описва отношението между автора и произведението) *
9 (RLIN) 366358
760 1# - Описание на основната серия
Редна дума на основното описание Разцветников, Асен
Място на издаване, издател и година 1982
Страници - том 415 с. : 4 л. ил., портр., факс.
Заглавие Т. 3 Стихотворни преводи
852 ## - Местоположение
Форматна сигнатура Цб 112002
856 4# - Електронен адрес и достъп
Електронен формат pdf - файл
Път до файла /url/
856 4# - Електронен адрес и достъп
Електронен формат pdf - файл
Път до файла /url/
942 ## - АРТИКУЛИ
Вид на библиотечния материал Книги
Скрит в OPAC Не
944 ## - СЪЗДАВАНЕ И РЕДАКЦИЯ на ЗАПИСА
Създаване/Редакция Създаване
Дата на регистрацията/редакция 16.05.2013
Статус, дата на статуса Севдалина Тодорова
Служител, извършил регистрацията/редакцията 30540
944 ## - СЪЗДАВАНЕ И РЕДАКЦИЯ на ЗАПИСА
Създаване/Редакция Редакция
Дата на регистрацията/редакция 16.05.2013
Статус, дата на статуса 16.05.2013 - от С1,Р / 16.05.2013
Служител, извършил регистрацията/редакцията
999 ## - СИСТЕМНИ КОНТРОЛНИ НОМЕРА
Koha biblionumber 136819
Koha biblioitemnumber 136819
Наличности
Код за отписване Код за изгубен артикул Източник на класификационната схема Код за повреда Коз за рестрикции Код за отдаване Артикулен № Име на библиотеката - собственик Име на библиотеката, в която се намира в момента Статус (Текущо местоположение) Дата на вписване в системата Местоположение - отдел Цена в лева Инвентарен номер Систематично азбучна сигнатура Баркод Номер на екземпляра Цена в евро Служебна бележка Служебен тип на артикула Бележка за публиката
  Не е изгубен Universal Decimal Classification Не е повреден без рестрикции ползва се в читалня 223777 Регионална библиотека "Любен Каравелов" Русе Регионална библиотека "Любен Каравелов" Русе Хранилище 1982-01-01 Хранилище 3.36 362529 Цб 112002 120000362529 1 1.72 Дост: Dp Вид: Д N: стар фонд Дата: 01.01.1982 Книги  
Изтеглен Не е изгубен   Не е повреден без рестрикции заемане за дома 223778 Регионална библиотека "Любен Каравелов" Русе Регионална библиотека "Любен Каравелов" Русе   1982-01-01 Заемна - подръчен фонд 3.36 362955 П 886.7(081)/Р 26 362955 2 1.72 Дост: Pk Вид: Ф N: стар фонд Дата: 01.01.1982 Книги Отч.N: 6/2018 , Дата: 22.01.2018
Изтеглен Не е изгубен Universal Decimal Classification Не е повреден без рестрикции заемане за дома 223779 Регионална библиотека "Любен Каравелов" Русе Регионална библиотека "Любен Каравелов" Русе Заемна - подръчен фонд 1982-01-01 Заемна - подръчен фонд 3.36 362959 П 886.7(081)/Р 26 362959 3 1.72 Дост: Pk Вид: Ф N: стар фонд Дата: 01.01.1982 Дата инв: 12.02.2018 Бележки инв: П2018 Книги  
Vip Innovations Ltd, Rousse, Bulgaria 2025